Statistics for Logic Charting Songs (Billboard Hot 100)

Click here to take the quiz!

General Stats

  • This quiz has been taken 26 times
    (18 since last reset)
  • The average score is 13 of 22

Answer Stats

AlbumWeeks OnPeakArtist(s)Song% Correct
Confessions of a Dangerous Mind6 Weeks#5Logic ft. EminemHomicide
100%
Everybody42 Weeks#3Logic ft. Alessia Cara & Khalid1-800-273-8255
93%
Suicide Squad: The Album22 Weeks#15Lil Wayne, Wiz Khalifa & Imagine Dragons with Logic & Ty Dolla Sign ft. X AmbassadorsSucker for Pain
93%
ADHD2 Weeks#59Joyner Lucas ft. LogicISIS
86%
Bobby Tarantino II13 Weeks#29Logic & MarshmelloEveryday
79%
Confessions of a Dangerous Mind3 Weeks#38LogicKeanu Reeves
71%
Everybody2 Weeks#59LogicEverybody
64%
Bobby Tarantino1 Week#100LogicFlexicution
64%
Bobby Tarantino II5 Weeks#22Logic44 More
57%
Confessions of a Dangerous Mind1 Week#78LogicConfessions of a Dangerous Mind
57%
Bobby Tarantino II1 Week#56Logic ft. Wiz KhalifaIndica Badu
57%
No Pressure1 Week#95LogicPerfect
57%
Everybody1 Week#87Logic ft. Damian Lamar HudsonBlack SpiderMan
50%
YSIV1 Week#80Logic ft. Ryan TedderOne Day
50%
Bobby Tarantino II1 Week#87LogicYuck
50%
Bobby Tarantino II1 Week#74LogicMidnight
43%
Bobby Tarantino II1 Week#68LogicOvernight
43%
Bobby Tarantino II1 Week#83Logic ft. Big SeanWassup
43%
The Thrill of It All2 Weeks#55Sam Smith ft. LogicPray
36%
Bobby Tarantino II1 Week#97LogicBoomtrap Protocol
29%
Bobby Tarantino II1 Week#60LogicContra
29%
Bobby Tarantino II1 Week#98Logic ft. Young SinatraWarm It Up
29%

Score Distribution

Percentile by Number Answered

Percent of People with Each Score

Your Score History

You have not taken this quiz since the last reset